01121nam a2200277 i 450000100060000000300080000600500170001400800390003102000170007003500190008704000320010604100080013808200280014610000340017424501000020826000500030830000210035850000610037950400320044050400200047265100370049294200120052999900170054195201380055895201470069634127BD-RjUL20211209052118.0140514s1980 ii b 001 0 eng a0706909887 : a(BD-RjUL)34221 aDLCcDLCdDLCdBD-RjULbeng aeng00a301.40954219bBHS 19801 aBhattacharya, Bhabani.96812810aSocio-political currents in Bengal :ba nineteenth century perspective /cBhabani Bhattacharya. aSahibabad, Distt. Ghaziabad :bVikas,cc1980. a147 p. ;c23 cm. aA revision of the author's thesis, University of London. aBibliography: p. [139]-142. aIncludes index. 0aBengal (India)xHistory.9103739 2ddccBK c34127d34127 00102ddc40718NFICaRUCLbRUCLcReadingd1985-09-01eTulipg60.00l0o301.40954 BHS 1980r2014-05-14 00:00:00tC-1w2014-05-14yBK 00102ddc40708NFICaRUCLbRUCLcStackd1985-09-01eTulip enterpriseg60.00l0o301.40954 BHS 1980r2014-05-14 00:00:00tC-3w2014-05-14yBK